000
00280nam a2200097 a 4500
005
20200930070812.0
008
110926s1916 000 spa d
245
0
_a
Estatutos fundamentales del club union fundado en el año 1892.
260
_a
Santo Domingo,
_c
1916.
999
_c
33622
_d
33622
040
_a
DO-SdBNP